00669nam a2200265Ia 450000500170000000800460001702000180006303700100008104000080009104000080009904000080010704100080011504100080012308400080013110000250013924500190016426000230018326000090020636500050021536500080022085600530022894200100028199900210029195200910031220260324150021.0008 260324s9999 xx 000 0 eng d a9781315272061 aEBOOK aCRL beng cCRL 2eng aeng qCRL aRoss Davies91162442 0aWomen and Work bTaylor and Francis c1975 a b180 uhttp://www.taylorfrancis.com/books/9781315272061 cEBOOK c1833724d1833724 00104070aCRLbCRLd2026-03-24l0pCL2115883r2026-03-24 15:00:21w2026-03-24yEBOOK